000
00309nam a22001457a 4500
008
210301b ||||| |||| 00| 0 eng d
020
_a
9780071761147
041
_a
eng
080
_2
8th
_a
616.8
082
_a
616.8
100
_a
7
101
_a
NEU
245
_a
Neurology
_c
Anschel, D.J
942
_2
udc
_c
BK
999
_c
55419
_d
55419